1184 1224 1420 1584 1877 1402 1476 1617 1104 1878 1662 1967 1647 1176 1716 1659 1159 1791 1271 1643 1327 1531 1242 1823 1469 1643 1665 1088 1522 1759 1372 1138 1300 1110 1304 1719 1800 1434 1398 1388 1957 1998 1639 1933 1350 1400 1108 1254 1467 1981 1118 1401 1950 1960 1092 1214 1377 1670 1297 1178 1293 1370 1115 1810 1989 1353 1489 1024 1590 1786 1330 1731 1212 1725 1002 1157 1481 1697 1151 1179 1295 1246 1286 1222 1254 1559 1008 1292 1690 1730 1919 1989 1415 1997 1191 1706 1709 1270 1223 BCNSPRNW ULIB Ver.6.0+V

เปลี่ยนเป็นภาษาไทย

Change to English
 แสดงรายละเอียดบรรณานุกรม
  กลับหน้าหลัก

Brief Record : Get Marc (ISO 2709) : E-mail record : QR code < ปิดหน้าต่าง
LEADER : 00000nam 2200000uu 4500
001    13399122820
003     ULIB
008    130927s2555||||th 000 0 tha d
020    ^a9786167078304
090    นว.^bภ21พ
100 0  ^aภาคินัย
245 10 ^aพิพิธภัณฑ์ หุ่น หั่น หัว /^cภาคินัย [นามแฝง]
260    ^aกรุงเทพฯ :^bโซฟา พับลิชชิ่ง,^c2555
300    ^a304 หน้า
945    ^p225^l0^i034046
999    ^aเกษร โพธิ์สุวรรณ
รายการนี้ยังไม่มีแท็ก
คุณยังไม่ได้ล็อกอิน คุณสามารถมีกิจกรรมร่วมกับเว็บไซต์ได้ แต่ต้องล็อกอินก่อน ::
  ล็อกอิน

รายการสื่อสารสนเทศ

ลำดับที่ ประเภท เลขเรียก/บาร์โค้ด สถานที่ สถานะ
1. นวนิยาย
นวนิยาย
นว. ภ21พ ฉ.1 
  Barcode: 034046
ห้องสมุดวิทยาเขตสวรรค์ประชารักษ์
►นวนิยาย
บนชั้น
  ขอยืม

รายการใกล้เคียง
    ผู้แต่ง [ภาคินัย]

BibComment


ยังไม่เคยถูกคอมเมนท์

คอมเมนท์ทรัพยากรรายการนี้
  คอมเมนท์: พิพิธภัณฑ์ หุ่น ..


 Copyright 2026. Bcnsprnw @Library